Вып. 13; История России в XIX веке

Бібліографічні деталі
Parent link:История России в XIX веке: в 9 т., 35 вып./ Е. В. Аничков, С. М. Блеклов, М. М. Богословский и др.. Вып. 13.— , 1907-1911
Мова:Російська
Опубліковано: [1907-1911]
Предмети:
Формат: Книга
KOHA link:https://koha.lib.tpu.ru/cgi-bin/koha/opac-detail.pl?biblionumber=356160

MARC

LEADER 00000nam2a2200000 4500
001 356160
005 20231102010852.0
035 |a (RuTPU)RU\TPU\retro\13420 
035 |a RU\TPU\retro\13419 
090 |a 356160 
100 |a 20200716d1907 km y0rusy50 ca 
101 0 |a rus 
102 |a RU 
105 |a ac z 001zy 
200 0 |a Вып. 13 
210 |d [1907-1911] 
215 |a 81 с.  |c портр. 
320 |a Библиография в ссылках 
461 1 |0 (RuTPU)RU\TPU\retro\14548  |t История России в XIX веке  |o в 9 т., 35 вып.  |f Е. В. Аничков, С. М. Блеклов, М. М. Богословский и др.  |v Вып. 13  |d 1907-1911 
606 1 |a Россия  |x История  |z 19 в.  |2 stltpush  |3 (RuTPU)RU\TPU\subj\65297  |9 81865 
610 1 |a города 
610 1 |a городская жизнь 
610 1 |a городская реформа 
610 1 |a начальное образование 
610 1 |a городское самоуправление 
686 |a Т3(2)52  |v LBC/SL-A  |2 rubbk 
801 1 |a RU  |b 63413507  |c 20200710 
801 2 |a RU  |b 63413507  |c 20200917  |g RCR 
942 |c BK